<?xml version="1.0" encoding="UTF-8"?>
<record
    xmlns:xsi="http://www.w3.org/2001/XMLSchema-instance"
    xsi:schemaLocation="http://www.loc.gov/MARC21/slim http://www.loc.gov/standards/marcxml/schema/MARC21slim.xsd"
    xmlns="http://www.loc.gov/MARC21/slim">

  <leader>01239nam2a22002651  4500</leader>
  <controlfield tag="001">rc\3376228</controlfield>
  <controlfield tag="005">20250609222933.0</controlfield>
  <datafield tag="021" ind1=" " ind2=" ">
    <subfield code="a">RU</subfield>
    <subfield code="b">[71-14338]</subfield>
  </datafield>
  <datafield tag="035" ind1=" " ind2=" ">
    <subfield code="a">(NLR Aleph) 007532101</subfield>
  </datafield>
  <datafield tag="090" ind1=" " ind2=" ">
    <subfield code="a">7758160</subfield>
    <subfield code="c">7758160</subfield>
  </datafield>
  <datafield tag="100" ind1=" " ind2=" ">
    <subfield code="a">20130115d1971    |||y0rusy50      ca</subfield>
  </datafield>
  <datafield tag="101" ind1="1" ind2=" ">
    <subfield code="a">rus</subfield>
    <subfield code="c">kaz</subfield>
  </datafield>
  <datafield tag="102" ind1=" " ind2=" ">
    <subfield code="a">RU</subfield>
  </datafield>
  <datafield tag="105" ind1=" " ind2=" ">
    <subfield code="a">a   z   |||||</subfield>
  </datafield>
  <datafield tag="200" ind1="0" ind2=" ">
    <subfield code="a">&#x422;. 2</subfield>
    <subfield code="f">[&#x418;&#x43B;.: &#x415;. &#x421;&#x438;&#x434;&#x43E;&#x440;&#x43A;&#x438;&#x43D;&#x430;]</subfield>
  </datafield>
  <datafield tag="210" ind1=" " ind2=" ">
    <subfield code="d">1971</subfield>
    <subfield code="a">&#x411;. &#x43C;.</subfield>
  </datafield>
  <datafield tag="215" ind1=" " ind2=" ">
    <subfield code="a">687 &#x441;., 12 &#x43B;. &#x438;&#x43B;.</subfield>
    <subfield code="d">20</subfield>
  </datafield>
  <datafield tag="225" ind1="1" ind2=" ">
    <subfield code="a">...</subfield>
    <subfield code="v">&#x422;. 135</subfield>
    <subfield code="i">...</subfield>
  </datafield>
  <datafield tag="461" ind1=" " ind2="0">
    <subfield code="1">001rc\3376226</subfield>
    <subfield code="1">2001#$a&#x41F;&#x443;&#x442;&#x44C; &#x410;&#x431;&#x430;&#x44F;$e&#x420;&#x43E;&#x43C;&#x430;&#x43D;-&#x44D;&#x43F;&#x43E;&#x43F;&#x435;&#x44F;$e&#x412; 2 &#x442;.$e&#x41F;&#x435;&#x440;. &#x441; &#x43A;&#x430;&#x437;.$f[&#x412;&#x441;&#x442;&#x443;&#x43F;. &#x441;&#x442;&#x430;&#x442;&#x44C;&#x44F; &#x410;. &#x41D;&#x443;&#x440;&#x43F;&#x435;&#x438;&#x441;&#x43E;&#x432;&#x430;, &#x441;. 5-20$g&#x41F;&#x440;&#x438;&#x43C;&#x435;&#x447;. &#x418;. &#x414;&#x44E;&#x441;&#x435;&#x43D;&#x431;&#x430;&#x435;&#x432;&#x430; &#x438; &#x415;. &#x41B;&#x438;&#x437;&#x443;&#x43D;&#x43E;&#x432;&#x43E;&#x439;$g&#x418;&#x43B;.: &#x415;. &#x421;&#x438;&#x434;&#x43E;&#x440;&#x43A;&#x438;&#x43D;]. &#x422;. 1-$v&#x422;. 2</subfield>
    <subfield code="1">700#1$a&#x410;&#x443;&#x44D;&#x437;&#x43E;&#x432;$b&#x41C;.&#x41E;.$f1897-1961$g&#x41C;&#x443;&#x445;&#x442;&#x430;&#x440; &#x41E;&#x43C;&#x430;&#x440;&#x445;&#x430;&#x43D;&#x43E;&#x432;&#x438;&#x447;</subfield>
    <subfield code="9">7758154</subfield>
    <subfield code="a">&#x410;&#x443;&#x44D;&#x437;&#x43E;&#x432;, &#x41C;.&#x41E;. (1897-1961)</subfield>
    <subfield code="c">&#x41C;&#x43E;&#x441;&#x43A;&#x432;&#x430;</subfield>
    <subfield code="d">1971-</subfield>
    <subfield code="f">[&#x412;&#x441;&#x442;&#x443;&#x43F;. &#x441;&#x442;&#x430;&#x442;&#x44C;&#x44F; &#x410;. &#x41D;&#x443;&#x440;&#x43F;&#x435;&#x438;&#x441;&#x43E;&#x432;&#x430;, &#x441;. 5-20</subfield>
    <subfield code="n">&#x425;&#x443;&#x434;&#x43E;&#x436;. &#x43B;&#x438;&#x442;.</subfield>
    <subfield code="o">&#x420;&#x43E;&#x43C;&#x430;&#x43D;-&#x44D;&#x43F;&#x43E;&#x43F;&#x435;&#x44F; : &#x412; 2 &#x442;. : &#x41F;&#x435;&#x440;. &#x441; &#x43A;&#x430;&#x437;.</subfield>
    <subfield code="t">&#x41F;&#x443;&#x442;&#x44C; &#x410;&#x431;&#x430;&#x44F;</subfield>
    <subfield code="v">&#x422;. 2</subfield>
  </datafield>
  <datafield tag="702" ind1=" " ind2="1">
    <subfield code="a">&#x421;&#x438;&#x434;&#x43E;&#x440;&#x43A;&#x438;&#x43D;</subfield>
    <subfield code="b">&#x415;.</subfield>
    <subfield code="4">440</subfield>
  </datafield>
  <datafield tag="801" ind1=" " ind2="0">
    <subfield code="a">RU</subfield>
    <subfield code="b">NLR</subfield>
    <subfield code="g">psbo</subfield>
  </datafield>
  <datafield tag="801" ind1=" " ind2="1">
    <subfield code="a">RU</subfield>
    <subfield code="b">ELAR</subfield>
    <subfield code="2">rusmarc</subfield>
  </datafield>
  <datafield tag="852" ind1=" " ind2=" ">
    <subfield code="a">NLR</subfield>
    <subfield code="j">71-3/681</subfield>
  </datafield>
  <datafield tag="942" ind1=" " ind2=" ">
    <subfield code="c">BOOK</subfield>
  </datafield>
  <datafield tag="980" ind1=" " ind2=" ">
    <subfield code="a">NB</subfield>
  </datafield>
  <datafield tag="995" ind1=" " ind2=" ">
    <subfield code="5">2013-10-26</subfield>
    <subfield code="b">NLR01</subfield>
    <subfield code="c">NLR01</subfield>
    <subfield code="e">RF31</subfield>
    <subfield code="f">7532101-10</subfield>
    <subfield code="k">71-3/681</subfield>
    <subfield code="o">0</subfield>
    <subfield code="r">BOOK</subfield>
    <subfield code="s">713681_</subfield>
  </datafield>
</record>
